000 00876nam a2200241 a 4500
001 000012810
005 20241130074013.0
008 091117s1996 dr 001 f spa d
020 _z9768556287
040 _aDO-SdBNP
_bspa
_cBNPHU
082 _aRD863.44
_bN714d
100 1 _aNina, Diógenes,
_d1941-
_911857
245 1 4 _aLos duendes de la casa de Martha Delpino /
_cDiógenes Nina ; prólogo, edición y corrección Odalís G. Pérez.
260 _aSanto Domingo :
_bBúho,
_c1996.
300 _a79 p. ;
_c22 cm.
500 _aIncluye datos biográficos del autor en la contracubierta.
590 _aInventariado, 2020/BT
650 4 _aNina, diógenes,
_xCrítica e interpretación
_929618
650 0 _aNovela dominicana
_9223
650 0 _aLiteratura dominicana.
_967
700 1 2 _aPérez, Odalís
_d1952-
_eprol.
_923828
910 _aValidado. Control de calidad MFF
999 _c12460
_d12460